000 01118cam a22003131 4500
999 _c18550
_d18550
001 7389813
003 BDDh-ASL
005 20231015025719.0
008 790517s1941 ii b 001 0 eng
010 _a 42051239
035 _a(OCoLC)4975867
040 _aDLC
_cMnU
_dBDDh-ASL
_dDLC
042 _apremarc
043 _aa-ii---
045 _aw6x1
050 0 0 _aJQ220.P7
_bP7 1941
082 _a954
_bPRO
100 1 _aPrasad, Bisheshwar.
245 1 4 _aThe origins of provincial autonomy :
_bbeing a history of the relations between the central government and the provincial governments in British India from 1860 to 1919/
_cBy Bisheshwar Prasad.
260 _aAllahabad,
_bKitabistan,
_c1941.
300 _aii, 428 p. :
_c23 cm.
500 _a"First published in 1941."
502 _a"Thesis approved for the degree of doctor of letters in the University of Allahabad, 1936."
504 _aBibliography: p. [377]-392.
650 0 _aConstitutional history
_zIndia.
651 0 _aIndia
_xPolitics and government
_y1765-1947.
906 _a7
_bcbc
_coclcrpl
_du
_encip
_f19
_gy-gencatlg
942 _2ddc
_cBK